Podmienky firemného úverovania v komerčných bankách bakalárska práca

Gespeichert in:
Bibliographische Detailangaben
1. Verfasser: Brňáková, Lucia
Körperschaft: Fakulta podnikového manažmentu EU. Katedra podnikových financií
Weitere Verfasser: Kubranová, Magdaléna, 1956-
Format: Buch
Sprache:Slowakisch
Veröffentlicht: Bratislava 2012
Tags: Tag hinzufügen
Keine Tags, Fügen Sie das erste Tag hinzu!

MARC

LEADER 00000nbm a2200000 4500
001 0153856
005 20161109111811.8
041 0 |a slo 
044 |a SK 
245 1 0 |a Podmienky firemného úverovania v komerčných bankách  |b bakalárska práca  |c Lucia Brňáková ; školiteľ: Magdaléna Kubranová 
264 1 |a Bratislava  |c 2012 
300 |a 55 s. 
100 1 |a Brňáková, Lucia 
700 1 |a Kubranová, Magdaléna, 1956- 
710 2 |a Fakulta podnikového manažmentu EU. Katedra podnikových financií